000 00635nam a22002057a 4500
005 20250711164453.0
008 250711b |||||||| |||| 00| 0 eng d
020 _a978-0-691-13863-3(hbk)
037 _cTB
040 _aCRL
_cCRL
084 _aS:526v Q4
_qCRL
100 _aWalsh, Chris
_9815429
245 _aCowardice: a brief history
260 _aPrinceton, USA:
_bPrinceton Uiversity Press,
_c2014.
300 _a292p.
365 _b27.95
_cUSD
650 _aPSYCHOLOGY
942 _2CC
_cTB
_hS:526v Q4
_n0
999 _c1433591
_d1433591